00410nam a2200157Ia 450000500170000000800410001704000190005804100120007708200110008910000160010024500350011626000560015130000120020765000230021985000100024220230926103041.0131103s9999 xx 000 0 und d aLoreto College aEnglish aFbNAS aNash,Daniel aStay The ExectioncDaniel Nash aLondonbJonathan Cape & Thirty Bedford Squarec1957 a188 p.  aFiction in English aLCLIB